000
00389nam a22001697a 4500
003
MPLRDC
005
20220104142934.0
008
210129b ||||| |||| 00| 0 eng d
020
_a
962-357-440-1
082
_a
091 SWH
100
_a
邵伟华
245
_a
周易预测例题解
_c
260
_a
_b
明报出版社
_c
1992
300
_b
平
650
_a
易经
942
_c
BK
_o
091 SWH
999
_c
35088
_d
35078